000 00660nam a22002537a 4500
999 _c311537
_d311537
001 25245
003 UA-OsUOA
005 20200322161958.0
007 ta
008 20040324b un ||||| |||| 00| 0 ukr d
020 _a5797501058
040 _aUA-OsUOA
_brus
_cUA-OsUOA
_dUA-OsUOA
041 _arus
044 _aRU
080 _a658.3
090 _a658.3
_bВ38
100 _aВеснин В. Р.
245 _aПрактический менеджмент персонала
_bпособие по кадровой работе
260 _aМосква
_bЮристъ
_c2003
300 _a495 с.
650 7 _2UDC
942 _cBK
_2udc
955 _a0